000 00723nam a22002057a 4500
003 OSt
005 20210420070706.0
008 201127s2006 ||||| |||| 00| 0 eng d
020 _a9639419966
020 _a9789639419964
040 _aeng
_beng
_cDLC
080 _a614
_bS-53
100 _9436
_aShakarishvili, George
245 _aPoverty and Equity in Healthcare Finance
_b: Analyzing Post-Soviet Healthcare Reform
_c/ by: Local Government and Public Service Reform Initiative
260 _aBudapest
_bLocal Government and Public Service Reform Initiative
_c2006
300 _a91 p.
_bill.
650 0 _9337
_aPublic Health
653 _aსაზოგადოებრივი ჯანდაცვა
942 _2udc
_cBK
999 _c510
_d510